| 000 | 00737nam a22002057a 4500 | ||
|---|---|---|---|
| 003 | OSt | ||
| 005 | 20260511150951.0 | ||
| 008 | 260511b |||||||| |||| 00| 0 eng d | ||
| 020 | _a9781839648786 | ||
| 040 | _aKenya National Library Service | ||
| 100 |
_aStevenson, Robert Louis. _eauthor |
||
| 245 |
_aTreasure Island / _cRobert Louis Stevenson |
||
| 300 |
_a287 pages ; _c16 cm. |
||
| 490 | _aCollectable classics. | ||
| 520 | _aWhile going through the possessions of a deceased guest who owed them money, the mistress of the inn and her son find a treasure map that leads them to a pirate's fortune. | ||
| 650 | _aPirates -Fiction. | ||
| 942 |
_2ddc _cBK _n0 |
||
| 999 |
_c492674 _d492674 |
||